College Football Sudden Death by State: Alabama - Statistics

General Stats
  • This quiz has been taken 115 times
  • The average score is 5 of 10
Answers on the Grid
Answers color-coded by a green-red scale on the quiz's grid according to % correct below.
 
Answer Stats
Answer % Correct
University of Alabama
(Tuscaloosa, AL)
80%
Auburn University
(Auburn, AL)
70%
University of South Alabama
(Mobile, AL)
62%
Alabama A&M University
(Huntsville, AL)
57%
University of Alabama-Birmingham
(Birmingham, AL)
51%
Alabama State University
(Montgomery, AL)
51%
Troy University
(Troy, AL)
48%
Jacksonville State University
(Jacksonville, AL)
46%
Samford University
(Homewood, AL)
38%
University of North Alabama
(Florence, AL)
31%
No matching quizzes found
Score Distribution
Percent of People with Each Score
Percentile by Number Answered
Your Score History
You have not taken this quiz